000 00826nam a22002417a 4500
001 48241
003 BD-RjUL
005 20211209054502.0
008 160813s1975 bg ||||| |||| 00| 0 ben d
020 _c:TK 1.75
035 _a(BD-RjUL)48360
040 _aBD-RjUL
_bben
_cBD-RjUL
041 _aben
082 _223
_a891.442
_bALK 1967
100 _aআলী, মোহাম্মদ মোবারক
_9146106
245 1 0 _aকয়েদী /
_cমোহাম্মদ মোবারক আলী
260 _aবগুড়া :
_bসাহিত্য কুটির,
_c১৯৬৭
300 _a৭৮ পৃ. ;
_c১৭ সেমি.
500 _aসামাজিক নাটক
650 _aবাংলা নাটক
_9146107
650 _aBengali Drama
_9146108
942 _2ddc
_cBK
999 _c48241
_d48241